000 00730nam a22001937a 4500
999 _c19435
_d19435
003 AR-CdUCM
008 190517b ||||| |||| 00| 0 spa d
040 _aMUNICIPALIDAD PROVINCIAL DEL CUSCO
_cBIBLIOTECA MUNICIPAL DEL CUSCO
082 _a383 /
_bL42
100 _aLeiva, Ricardo Jorge
_940762
245 _aLa filatelia al alcance de todos /
260 _aArgentina :
_bHobby,
300 _a245 páginas ;
_c25 cm.
505 _aEl hechizo en la estampilla postal -- El correo a traves de los tiempos -- Oirgenes del correo en América -- Los primeros sellos postales -- Los primeros sellos emitidos en america..
650 _aFilatelia.
_96413
650 _aSellos postales.
_911874
942 _2ddc
_cLIBROS
945 _awfj